00321nam a2200121Ia 4500008004100000041000800041082001500049100002100064245004400085260002800129300003100157365001100188240624s9999 xx 000 0 und d aeng a332.63 HAL aPRIVAULT NICOLAS aSTOCHASTIC FINANCE AN INTRODUCTION WITH c2016aLondonbCRC Press axvi, : 426 : p. : cm. ; 23 cRSb31